<?xml version="1.0" encoding="UTF-8"?><marc:collection xmlns:marc="http://www.loc.gov/MARC21/slim">
  <marc:record>
    <marc:leader>07026nas a2201117 c 4500</marc:leader>
    <marc:controlfield tag="001">010062580</marc:controlfield>
    <marc:controlfield tag="003">DE-101</marc:controlfield>
    <marc:controlfield tag="005">20250311211132.0</marc:controlfield>
    <marc:controlfield tag="006">sm</marc:controlfield>
    <marc:controlfield tag="007">tu</marc:controlfield>
    <marc:controlfield tag="008">991118c19549999gw q||p|  ||| 0||||1ger c</marc:controlfield>
    <marc:datafield tag="015" ind1=" " ind2=" ">
      <marc:subfield code="a">75,A24,0155</marc:subfield>
      <marc:subfield code="2">dnb</marc:subfield>
    </marc:datafield>
    <marc:datafield tag="016" ind1="7" ind2=" ">
      <marc:subfield code="2">DE-600</marc:subfield>
      <marc:subfield code="a">4207-9</marc:subfield>
    </marc:datafield>
    <marc:datafield tag="016" ind1="7" ind2=" ">
      <marc:subfield code="2">DE-101</marc:subfield>
      <marc:subfield code="a">010062580</marc:subfield>
    </marc:datafield>
    <marc:datafield tag="022" ind1=" " ind2=" ">
      <marc:subfield code="a">0340-7926</marc:subfield>
    </marc:datafield>
    <marc:datafield tag="022" ind1=" " ind2=" ">
      <marc:subfield code="a">0340-7926</marc:subfield>
      <marc:subfield code="2">6</marc:subfield>
    </marc:datafield>
    <marc:datafield tag="030" ind1=" " ind2=" ">
      <marc:subfield code="a">RIWID8</marc:subfield>
    </marc:datafield>
    <marc:datafield tag="035" ind1=" " ind2=" ">
      <marc:subfield code="a">(DE-599)ZDB4207-9</marc:subfield>
    </marc:datafield>
    <marc:datafield tag="035" ind1=" " ind2=" ">
      <marc:subfield code="a">(OCoLC)1367280060</marc:subfield>
    </marc:datafield>
    <marc:datafield tag="040" ind1=" " ind2=" ">
      <marc:subfield code="a">9001</marc:subfield>
      <marc:subfield code="b">ger</marc:subfield>
      <marc:subfield code="c">DE-101</marc:subfield>
      <marc:subfield code="d">9999</marc:subfield>
    </marc:datafield>
    <marc:datafield tag="041" ind1=" " ind2=" ">
      <marc:subfield code="a">ger</marc:subfield>
    </marc:datafield>
    <marc:datafield tag="042" ind1=" " ind2=" ">
      <marc:subfield code="a">zdb</marc:subfield>
    </marc:datafield>
    <marc:datafield tag="044" ind1=" " ind2=" ">
      <marc:subfield code="c">XA-DE</marc:subfield>
    </marc:datafield>
    <marc:datafield tag="082" ind1="0" ind2="4">
      <marc:subfield code="8">3\u</marc:subfield>
      <marc:subfield code="a">343.0705</marc:subfield>
      <marc:subfield code="q">DE-101</marc:subfield>
      <marc:subfield code="2">22/ger</marc:subfield>
    </marc:datafield>
    <marc:datafield tag="083" ind1="7" ind2=" ">
      <marc:subfield code="a">340</marc:subfield>
      <marc:subfield code="a">330</marc:subfield>
      <marc:subfield code="q">DE-101</marc:subfield>
      <marc:subfield code="2">22sdnb</marc:subfield>
    </marc:datafield>
    <marc:datafield tag="083" ind1="7" ind2=" ">
      <marc:subfield code="a">340</marc:subfield>
      <marc:subfield code="a">330</marc:subfield>
      <marc:subfield code="q">DE-600</marc:subfield>
      <marc:subfield code="2">22sdnb</marc:subfield>
    </marc:datafield>
    <marc:datafield tag="084" ind1=" " ind2=" ">
      <marc:subfield code="a">INTRECHT</marc:subfield>
      <marc:subfield code="q">DE-1a</marc:subfield>
      <marc:subfield code="2">fid</marc:subfield>
    </marc:datafield>
    <marc:datafield tag="084" ind1=" " ind2=" ">
      <marc:subfield code="a">2</marc:subfield>
      <marc:subfield code="2">ssgn</marc:subfield>
    </marc:datafield>
    <marc:datafield tag="084" ind1=" " ind2=" ">
      <marc:subfield code="a">ML 1800</marc:subfield>
      <marc:subfield code="a">PE 100</marc:subfield>
      <marc:subfield code="2">rvk</marc:subfield>
    </marc:datafield>
    <marc:datafield tag="084" ind1=" " ind2=" ">
      <marc:subfield code="a">JUR 140z</marc:subfield>
      <marc:subfield code="2">stub</marc:subfield>
    </marc:datafield>
    <marc:datafield tag="085" ind1=" " ind2=" ">
      <marc:subfield code="8">3\u</marc:subfield>
      <marc:subfield code="b">343.07</marc:subfield>
    </marc:datafield>
    <marc:datafield tag="085" ind1=" " ind2=" ">
      <marc:subfield code="8">3\u</marc:subfield>
      <marc:subfield code="z">1</marc:subfield>
      <marc:subfield code="s">05</marc:subfield>
    </marc:datafield>
    <marc:datafield tag="210" ind1="0" ind2="0">
      <marc:subfield code="a">Recht Int. Wirtsch.</marc:subfield>
    </marc:datafield>
    <marc:datafield tag="222" ind1=" " ind2="0">
      <marc:subfield code="a">Recht der internationalen Wirtschaft</marc:subfield>
      <marc:subfield code="b">1975</marc:subfield>
    </marc:datafield>
    <marc:datafield tag="245" ind1="0" ind2="0">
      <marc:subfield code="a">Recht der internationalen Wirtschaft</marc:subfield>
      <marc:subfield code="b">RIW ; Betriebs-Berater international</marc:subfield>
    </marc:datafield>
    <marc:datafield tag="246" ind1="3" ind2=" ">
      <marc:subfield code="a">RIW</marc:subfield>
    </marc:datafield>
    <marc:datafield tag="246" ind1="3" ind2=" ">
      <marc:subfield code="a">Organisations-Berater</marc:subfield>
    </marc:datafield>
    <marc:datafield tag="246" ind1="3" ind2=" ">
      <marc:subfield code="a">Finanz-Berater</marc:subfield>
    </marc:datafield>
    <marc:datafield tag="246" ind1="3" ind2=" ">
      <marc:subfield code="a">Leasing-Berater</marc:subfield>
    </marc:datafield>
    <marc:datafield tag="246" ind1="3" ind2=" ">
      <marc:subfield code="a">Versicherungs-Berater</marc:subfield>
    </marc:datafield>
    <marc:datafield tag="246" ind1="3" ind2=" ">
      <marc:subfield code="a">Leasing</marc:subfield>
    </marc:datafield>
    <marc:datafield tag="246" ind1="3" ind2=" ">
      <marc:subfield code="a">Versicherung</marc:subfield>
    </marc:datafield>
    <marc:datafield tag="246" ind1="3" ind2=" ">
      <marc:subfield code="a">Kapitalanlage</marc:subfield>
    </marc:datafield>
    <marc:datafield tag="246" ind1="3" ind2=" ">
      <marc:subfield code="a">Betriebs-Berater international</marc:subfield>
    </marc:datafield>
    <marc:datafield tag="246" ind1="3" ind2=" ">
      <marc:subfield code="a">Leasing- und Finanz-Berater</marc:subfield>
    </marc:datafield>
    <marc:datafield tag="246" ind1="3" ind2=" ">
      <marc:subfield code="a">Banken &amp; Versicherungen</marc:subfield>
    </marc:datafield>
    <marc:datafield tag="246" ind1="3" ind2=" ">
      <marc:subfield code="a">Banken und Versicherungen</marc:subfield>
    </marc:datafield>
    <marc:datafield tag="246" ind1="3" ind2=" ">
      <marc:subfield code="a">Computer-Praxis &amp; -Recht</marc:subfield>
    </marc:datafield>
    <marc:datafield tag="246" ind1="3" ind2=" ">
      <marc:subfield code="a">EU-Erweiterungs-Report</marc:subfield>
    </marc:datafield>
    <marc:datafield tag="246" ind1="1" ind2=" ">
      <marc:subfield code="i">Abweichender Titel der ungezählten Beilage ab 63. Jg. (2017)</marc:subfield>
      <marc:subfield code="a">RIW-Beihefter</marc:subfield>
    </marc:datafield>
    <marc:datafield tag="264" ind1="3" ind2="1">
      <marc:subfield code="a">Frankfurt am Main</marc:subfield>
      <marc:subfield code="b">Fachmedien Recht und Wirtschaft, dfv Mediengruppe</marc:subfield>
      <marc:subfield code="c">1954-</marc:subfield>
    </marc:datafield>
    <marc:datafield tag="264" ind1="2" ind2="1">
      <marc:subfield code="3">[?]-2004</marc:subfield>
      <marc:subfield code="a">Heidelberg</marc:subfield>
      <marc:subfield code="b">Verl. Recht und Wirtschaft</marc:subfield>
    </marc:datafield>
    <marc:datafield tag="264" ind1="2" ind2="1">
      <marc:subfield code="3">2005-2011</marc:subfield>
      <marc:subfield code="a">Frankfurt, M.</marc:subfield>
      <marc:subfield code="b">Verl. Recht und Wirtschaft</marc:subfield>
    </marc:datafield>
    <marc:datafield tag="264" ind1="2" ind2="1">
      <marc:subfield code="3">früher</marc:subfield>
      <marc:subfield code="a">Frankfurt, M.</marc:subfield>
      <marc:subfield code="b">Dt. Fachverl.</marc:subfield>
    </marc:datafield>
    <marc:datafield tag="336" ind1=" " ind2=" ">
      <marc:subfield code="a">Text</marc:subfield>
      <marc:subfield code="b">txt</marc:subfield>
      <marc:subfield code="2">rdacontent</marc:subfield>
    </marc:datafield>
    <marc:datafield tag="337" ind1=" " ind2=" ">
      <marc:subfield code="a">ohne Hilfsmittel zu benutzen</marc:subfield>
      <marc:subfield code="b">n</marc:subfield>
      <marc:subfield code="2">rdamedia</marc:subfield>
    </marc:datafield>
    <marc:datafield tag="338" ind1=" " ind2=" ">
      <marc:subfield code="a">Band</marc:subfield>
      <marc:subfield code="b">nc</marc:subfield>
      <marc:subfield code="2">rdacarrier</marc:subfield>
    </marc:datafield>
    <marc:datafield tag="362" ind1="0" ind2=" ">
      <marc:subfield code="a">1.1954/55 - 3.1957,12; 21.1975 -</marc:subfield>
    </marc:datafield>
    <marc:datafield tag="363" ind1="0" ind2="0">
      <marc:subfield code="8">1.1\x</marc:subfield>
      <marc:subfield code="i">1954/55</marc:subfield>
    </marc:datafield>
    <marc:datafield tag="363" ind1="1" ind2="0">
      <marc:subfield code="8">1.2\x</marc:subfield>
      <marc:subfield code="i">1957</marc:subfield>
    </marc:datafield>
    <marc:datafield tag="363" ind1="0" ind2="1">
      <marc:subfield code="8">2.1\x</marc:subfield>
      <marc:subfield code="i">1975</marc:subfield>
    </marc:datafield>
    <marc:datafield tag="500" ind1=" " ind2=" ">
      <marc:subfield code="a">Ungezählte Beilage: RIW-Beihefter</marc:subfield>
    </marc:datafield>
    <marc:datafield tag="500" ind1=" " ind2=" ">
      <marc:subfield code="a">Zusatz ab 21.1975</marc:subfield>
    </marc:datafield>
    <marc:datafield tag="501" ind1=" " ind2=" ">
      <marc:subfield code="a">Ungezählte Beil. 30.1984 - 32.1986: Leasing; 32.1986: Kapitalanlage; Versicherung; ab 33.1987: Leasing-Berater; Versicherungs-Berater; Finanz-Berater; ab 35.1989: Betriebs-Berater international; 35.1989 - 36.1990: Organisations-Berater; ab 43.1997: Leasing- und Finanz-Berater; Banken &amp; Versicherungen; ab 46.2000: Computer Praxis &amp; Recht; ab 50.2004: EU-Erweiterungs-Report; RIW-Special; ab 63. Jg. (2017): Beihefter</marc:subfield>
    </marc:datafield>
    <marc:datafield tag="515" ind1=" " ind2=" ">
      <marc:subfield code="a">Ersch. monatl., früher vierteljährl.</marc:subfield>
    </marc:datafield>
    <marc:datafield tag="583" ind1="1" ind2=" ">
      <marc:subfield code="a">Archivierung/Langzeitarchivierung gewährleistet</marc:subfield>
      <marc:subfield code="f">PEHE</marc:subfield>
      <marc:subfield code="5">DE-30</marc:subfield>
      <marc:subfield code="2">pdager</marc:subfield>
    </marc:datafield>
    <marc:datafield tag="591" ind1=" " ind2=" ">
      <marc:subfield code="a">(Keine DA zu ZDB-Nr. 530090-3)</marc:subfield>
    </marc:datafield>
    <marc:datafield tag="650" ind1=" " ind2="7">
      <marc:subfield code="0">(DE-588)4027461-5</marc:subfield>
      <marc:subfield code="0">https://d-nb.info/gnd/4027461-5</marc:subfield>
      <marc:subfield code="0">(DE-101)040274616</marc:subfield>
      <marc:subfield code="a">Internationales Wirtschaftsrecht</marc:subfield>
      <marc:subfield code="9">rswk-swf</marc:subfield>
      <marc:subfield code="2">gnd</marc:subfield>
    </marc:datafield>
    <marc:datafield tag="650" ind1=" " ind2="7">
      <marc:subfield code="0">(DE-588)4066510-0</marc:subfield>
      <marc:subfield code="0">https://d-nb.info/gnd/4066510-0</marc:subfield>
      <marc:subfield code="0">(DE-101)040665100</marc:subfield>
      <marc:subfield code="a">Wirtschaftsrecht</marc:subfield>
      <marc:subfield code="9">rswk-swf</marc:subfield>
      <marc:subfield code="2">gnd</marc:subfield>
    </marc:datafield>
    <marc:datafield tag="651" ind1=" " ind2="7">
      <marc:subfield code="0">(DE-588)4011882-4</marc:subfield>
      <marc:subfield code="0">https://d-nb.info/gnd/4011882-4</marc:subfield>
      <marc:subfield code="0">(DE-101)040118827</marc:subfield>
      <marc:subfield code="a">Deutschland</marc:subfield>
      <marc:subfield code="9">rswk-swf</marc:subfield>
      <marc:subfield code="2">gnd</marc:subfield>
    </marc:datafield>
    <marc:datafield tag="655" ind1=" " ind2="7">
      <marc:subfield code="0">(DE-588)4067488-5</marc:subfield>
      <marc:subfield code="0">https://d-nb.info/gnd/4067488-5</marc:subfield>
      <marc:subfield code="0">(DE-101)040674886</marc:subfield>
      <marc:subfield code="a">Zeitschrift</marc:subfield>
      <marc:subfield code="2">gnd-content</marc:subfield>
    </marc:datafield>
    <marc:datafield tag="689" ind1="0" ind2="0">
      <marc:subfield code="0">(DE-588)4011882-4</marc:subfield>
      <marc:subfield code="0">https://d-nb.info/gnd/4011882-4</marc:subfield>
      <marc:subfield code="0">(DE-101)040118827</marc:subfield>
      <marc:subfield code="D">g</marc:subfield>
      <marc:subfield code="a">Deutschland</marc:subfield>
    </marc:datafield>
    <marc:datafield tag="689" ind1="0" ind2="1">
      <marc:subfield code="0">(DE-588)4027461-5</marc:subfield>
      <marc:subfield code="0">https://d-nb.info/gnd/4027461-5</marc:subfield>
      <marc:subfield code="0">(DE-101)040274616</marc:subfield>
      <marc:subfield code="D">s</marc:subfield>
      <marc:subfield code="a">Internationales Wirtschaftsrecht</marc:subfield>
    </marc:datafield>
    <marc:datafield tag="689" ind1="0" ind2=" ">
      <marc:subfield code="5">DE-101</marc:subfield>
      <marc:subfield code="5">DE-101</marc:subfield>
    </marc:datafield>
    <marc:datafield tag="689" ind1="1" ind2="0">
      <marc:subfield code="0">(DE-588)4066510-0</marc:subfield>
      <marc:subfield code="0">https://d-nb.info/gnd/4066510-0</marc:subfield>
      <marc:subfield code="0">(DE-101)040665100</marc:subfield>
      <marc:subfield code="D">s</marc:subfield>
      <marc:subfield code="a">Wirtschaftsrecht</marc:subfield>
    </marc:datafield>
    <marc:datafield tag="689" ind1="1" ind2=" ">
      <marc:subfield code="5">DE-600</marc:subfield>
      <marc:subfield code="5">DE-600</marc:subfield>
    </marc:datafield>
    <marc:datafield tag="710" ind1="2" ind2=" ">
      <marc:subfield code="0">(DE-588)39632-1</marc:subfield>
      <marc:subfield code="0">https://d-nb.info/gnd/39632-1</marc:subfield>
      <marc:subfield code="0">(DE-101)00039632X</marc:subfield>
      <marc:subfield code="a">Studiengesellschaft für Privatrechtliche Auslandsinteressen</marc:subfield>
      <marc:subfield code="e">Herausgebendes Organ</marc:subfield>
      <marc:subfield code="4">isb</marc:subfield>
      <marc:subfield code="2">gnd</marc:subfield>
    </marc:datafield>
    <marc:datafield tag="770" ind1="0" ind2="8">
      <marc:subfield code="i">Supplement</marc:subfield>
      <marc:subfield code="t">Betriebs-Berater / Qualifizierung und Weiterbildung. Qualifizierung und Weiterbildung</marc:subfield>
      <marc:subfield code="d">Frankfurt, M. : Verl. Recht und Wirtschaft, 2011-2012</marc:subfield>
      <marc:subfield code="x">2194-3591</marc:subfield>
      <marc:subfield code="w">(DE-600)2642455-1</marc:subfield>
      <marc:subfield code="w">(DE-101)1018054170</marc:subfield>
    </marc:datafield>
    <marc:datafield tag="770" ind1="0" ind2="8">
      <marc:subfield code="i">Supplement</marc:subfield>
      <marc:subfield code="t">Deutsche Einigung - Rechtsentwicklungen</marc:subfield>
      <marc:subfield code="d">Heidelberg : Verl. Recht u. Wirtschaft, 1990-1991</marc:subfield>
      <marc:subfield code="w">(DE-600)1048981-2</marc:subfield>
      <marc:subfield code="w">(DE-101)015808823</marc:subfield>
    </marc:datafield>
    <marc:datafield tag="770" ind1="0" ind2="8">
      <marc:subfield code="i">Supplement</marc:subfield>
      <marc:subfield code="t">Büro + Technik</marc:subfield>
      <marc:subfield code="d">Heidelberg : Verl.-Ges. Recht u. Wirtschaft, 1970-1973</marc:subfield>
      <marc:subfield code="w">(DE-600)550250-0</marc:subfield>
      <marc:subfield code="w">(DE-101)013025031</marc:subfield>
    </marc:datafield>
    <marc:datafield tag="770" ind1="0" ind2="8">
      <marc:subfield code="i">Supplement</marc:subfield>
      <marc:subfield code="t">Recht der internationalen Wirtschaft / Beilage. Beilage</marc:subfield>
      <marc:subfield code="d">Heidelberg : Verl. Recht u. Wirtschaft, 1981-</marc:subfield>
      <marc:subfield code="w">(DE-600)27993-6</marc:subfield>
      <marc:subfield code="w">(DE-101)010302298</marc:subfield>
    </marc:datafield>
    <marc:datafield tag="770" ind1="0" ind2="8">
      <marc:subfield code="i">Supplement</marc:subfield>
      <marc:subfield code="n">2013-2015</marc:subfield>
      <marc:subfield code="t">Berater-Magazin / Termine. Termine</marc:subfield>
      <marc:subfield code="d">Frankfurt am Main : Fachmedien Recht und Wirtschaft, dfv Mediengruppe, 2013-[2015]</marc:subfield>
      <marc:subfield code="x">2199-1065</marc:subfield>
      <marc:subfield code="w">(DE-600)2708801-7</marc:subfield>
      <marc:subfield code="w">(DE-101)1032682914</marc:subfield>
    </marc:datafield>
    <marc:datafield tag="770" ind1="0" ind2="8">
      <marc:subfield code="i">Supplement</marc:subfield>
      <marc:subfield code="n">2016-</marc:subfield>
      <marc:subfield code="t">Berater-Magazin. Veranstaltungen</marc:subfield>
      <marc:subfield code="d">Frankfurt am Main : Fachmedien Recht und Wirtschaft, dfv Mediengruppe, [2016]-</marc:subfield>
      <marc:subfield code="h">Bände</marc:subfield>
      <marc:subfield code="x">2509-6923</marc:subfield>
      <marc:subfield code="w">(DE-600)2861316-8</marc:subfield>
      <marc:subfield code="w">(DE-101)1105772004</marc:subfield>
    </marc:datafield>
    <marc:datafield tag="770" ind1="0" ind2="8">
      <marc:subfield code="i">Supplement</marc:subfield>
      <marc:subfield code="n">2013-2016</marc:subfield>
      <marc:subfield code="t">Berater-Magazin / Karriere. Karriere</marc:subfield>
      <marc:subfield code="d">Frankfurt am Main : dfv-Mediengruppe, Deutscher Fachverlag GmbH, Fachmedien Recht und Wirtschaft, 2013-[2018]</marc:subfield>
      <marc:subfield code="x">2195-3872</marc:subfield>
      <marc:subfield code="w">(DE-600)2708810-8</marc:subfield>
      <marc:subfield code="w">(DE-101)1032683899</marc:subfield>
    </marc:datafield>
    <marc:datafield tag="770" ind1="0" ind2="8">
      <marc:subfield code="i">Supplement</marc:subfield>
      <marc:subfield code="n">2013-2016</marc:subfield>
      <marc:subfield code="t">Berater-Magazin / Bücher. Bücher</marc:subfield>
      <marc:subfield code="d">Frankfurt am Main : dfv-Mediengruppe, Deutscher Fachverlag GmbH, Fachmedien Recht und Wirtschaft, 2013-[2016]</marc:subfield>
      <marc:subfield code="x">2196-5048</marc:subfield>
      <marc:subfield code="w">(DE-600)2702357-6</marc:subfield>
      <marc:subfield code="w">(DE-101)1031115579</marc:subfield>
    </marc:datafield>
    <marc:datafield tag="770" ind1="0" ind2="8">
      <marc:subfield code="i">Supplement</marc:subfield>
      <marc:subfield code="t">Berater-Magazin / Office. Office</marc:subfield>
      <marc:subfield code="d">Frankfurt, M. : dfv Mediengruppe, 2012-</marc:subfield>
      <marc:subfield code="x">2194-3583</marc:subfield>
      <marc:subfield code="w">(DE-600)2662271-3</marc:subfield>
      <marc:subfield code="w">(DE-101)1022325337</marc:subfield>
    </marc:datafield>
    <marc:datafield tag="770" ind1="0" ind2="8">
      <marc:subfield code="i">Supplement</marc:subfield>
      <marc:subfield code="n">49.2003-50.2004</marc:subfield>
      <marc:subfield code="t">GPR</marc:subfield>
      <marc:subfield code="d">Köln : O. @Schmidt, 2003-</marc:subfield>
      <marc:subfield code="x">2364-7205</marc:subfield>
      <marc:subfield code="w">(DE-600)2127226-8</marc:subfield>
      <marc:subfield code="w">(DE-101)025323555</marc:subfield>
    </marc:datafield>
    <marc:datafield tag="770" ind1="0" ind2="8">
      <marc:subfield code="i">Supplement</marc:subfield>
      <marc:subfield code="n">2016-</marc:subfield>
      <marc:subfield code="t">Berater-Magazin. Tax</marc:subfield>
      <marc:subfield code="d">Frankfurt am Main : Fachmedien Recht und Wirtschaft, dfv Mediengruppe, [2016-2021]</marc:subfield>
      <marc:subfield code="h">Bände</marc:subfield>
      <marc:subfield code="x">2510-2095</marc:subfield>
      <marc:subfield code="w">(DE-600)2876774-3</marc:subfield>
      <marc:subfield code="w">(DE-101)1120949947</marc:subfield>
    </marc:datafield>
    <marc:datafield tag="770" ind1="0" ind2="8">
      <marc:subfield code="i">Supplement</marc:subfield>
      <marc:subfield code="n">50.2004,2-53.2007</marc:subfield>
      <marc:subfield code="t">IDR</marc:subfield>
      <marc:subfield code="d">Frankfurt, M. : Verl. Recht u. Wirtschaft, 2004-2006</marc:subfield>
      <marc:subfield code="x">1613-026X</marc:subfield>
      <marc:subfield code="w">(DE-600)2138868-4</marc:subfield>
      <marc:subfield code="w">(DE-101)025738380</marc:subfield>
    </marc:datafield>
    <marc:datafield tag="776" ind1="0" ind2="8">
      <marc:subfield code="i">Erscheint auch als</marc:subfield>
      <marc:subfield code="n">Online-Ausgabe</marc:subfield>
      <marc:subfield code="t">Recht der internationalen Wirtschaft</marc:subfield>
      <marc:subfield code="d">Heidelberg : Verl. Ges. Recht u. Wirtschaft, 1993-</marc:subfield>
      <marc:subfield code="h">Online-Ressource</marc:subfield>
      <marc:subfield code="w">(DE-600)2175408-1</marc:subfield>
      <marc:subfield code="w">(DE-101)027005399</marc:subfield>
    </marc:datafield>
    <marc:datafield tag="780" ind1="0" ind2="5">
      <marc:subfield code="i">Darin aufgegangen</marc:subfield>
      <marc:subfield code="t">IDR</marc:subfield>
      <marc:subfield code="d">Frankfurt, M. : Verl. Recht u. Wirtschaft, 2004-2006</marc:subfield>
      <marc:subfield code="x">1613-026X</marc:subfield>
      <marc:subfield code="w">(DE-600)2138868-4</marc:subfield>
      <marc:subfield code="w">(DE-101)025738380</marc:subfield>
    </marc:datafield>
    <marc:datafield tag="780" ind1="0" ind2="0">
      <marc:subfield code="i">Fortsetzung von</marc:subfield>
      <marc:subfield code="a">Studiengesellschaft für Privatrechtliche Auslandsinteressen</marc:subfield>
      <marc:subfield code="t">Nachrichten der Studiengesellschaft für Privatrechtliche Auslandsinteressen</marc:subfield>
      <marc:subfield code="d">Bremen : [Verlag nicht ermittelbar], 1949-1954</marc:subfield>
      <marc:subfield code="w">(DE-600)502982-X</marc:subfield>
      <marc:subfield code="w">(DE-101)012630128</marc:subfield>
    </marc:datafield>
    <marc:datafield tag="785" ind1="0" ind2="8">
      <marc:subfield code="i">4.1958 - 20.1974</marc:subfield>
      <marc:subfield code="t">Betriebs-Berater / Außenwirtschaftsdienst. Außenwirtschaftsdienst des Betriebs-Beraters</marc:subfield>
      <marc:subfield code="d">Heidelberg : Verl.-Ges. "Recht u. Wirtschaft", 1958-1974</marc:subfield>
      <marc:subfield code="x">0004-8232</marc:subfield>
      <marc:subfield code="w">(DE-600)203654-X</marc:subfield>
      <marc:subfield code="w">(DE-101)011163445</marc:subfield>
    </marc:datafield>
    <marc:datafield tag="850" ind1=" " ind2=" ">
      <marc:subfield code="a">DE-101a</marc:subfield>
      <marc:subfield code="a">DE-101b</marc:subfield>
    </marc:datafield>
    <marc:datafield tag="889" ind1=" " ind2=" ">
      <marc:subfield code="w">(DE-101)942068882</marc:subfield>
    </marc:datafield>
    <marc:datafield tag="925" ind1="r" ind2=" ">
      <marc:subfield code="a">ra</marc:subfield>
    </marc:datafield>
  </marc:record>
</marc:collection>
